000 00729nam a2200289Ia 4500
005 20260324131338.0
008 008 260324s9999 xx 000 0 eng d
020 _a9781315019062
037 _aEBOOK
040 _aCRL
040 _beng
040 _cCRL
041 _2eng
041 _aeng
084 _qCRL
100 _aHazel L. Reid; Jane Westergaard
_91185163
245 0 _aProviding Support and Supervision
245 3 _bAn Introduction for Professionals Working with Young People
260 _bTaylor and Francis
260 _c2006
365 _a
365 _b230
856 _uhttp://www.taylorfrancis.com/books/9781315019062
942 _cEBOOK
999 _c1782218
_d1782218